LEADER 01921oam 2200493M 450 001 9910716482803321 005 20200213070929.7 035 $a(CKB)5470000002521314 035 $a(OCoLC)1065612640 035 $a(OCoLC)995470000002521314 035 $a(EXLCZ)995470000002521314 100 $a20071213d1927 ua 0 101 0 $aeng 135 $aurcn||||||||| 181 $ctxt$2rdacontent 182 $cc$2rdamedia 183 $acr$2rdacarrier 200 10$aProvide compensation for disability or death resulting from injury to employees in certain maritime employments. February 16, 1927. -- Referred to the House Calendar and ordered to be printed 210 1$a[Washington, D.C.] :$c[U.S. Government Printing Office],$d1927. 215 $a1 online resource (1 pages) 225 1 $aHouse report / 69th Congress, 2nd session. House ;$vno. 2104 225 1 $a[United States congressional serial set] ;$v[serial no. 8690] 300 $aBatch processed record: Metadata reviewed, not verified. Some fields updated by batch processes. 300 $aFDLP item number not assigned. 606 $aIndustrial accidents 606 $aIndustrial safety 606 $aShipping 606 $aWorkers' compensation 606 $aTransport workers 608 $aLegislative materials.$2lcgft 615 0$aIndustrial accidents. 615 0$aIndustrial safety. 615 0$aShipping. 615 0$aWorkers' compensation. 615 0$aTransport workers. 701 $aSnell$b Bertrand Hollis$f1870-1958$pRepublican (NY)$01388514 801 0$bWYU 801 1$bWYU 801 2$bOCLCO 801 2$bOCLCQ 906 $aBOOK 912 $a9910716482803321 996 $aProvide compensation for disability or death resulting from injury to employees in certain maritime employments. February 16, 1927. -- Referred to the House Calendar and ordered to be printed$93541261 997 $aUNINA LEADER 04946nam 2200661Ia 450 001 9910784745703321 005 20230828231534.0 010 $a1-281-86721-7 010 $a9786611867218 010 $a1-86094-903-7 035 $a(CKB)1000000000404173 035 $a(EBL)1681602 035 $a(OCoLC)815742041 035 $a(SSID)ssj0000176313 035 $a(PQKBManifestationID)11201738 035 $a(PQKBTitleCode)TC0000176313 035 $a(PQKBWorkID)10207354 035 $a(PQKB)11399784 035 $a(MiAaPQ)EBC1681602 035 $a(WSP)0000P437 035 $a(Au-PeEL)EBL1681602 035 $a(CaPaEBR)ebr10201253 035 $a(CaONFJC)MIL186721 035 $a(EXLCZ)991000000000404173 100 $a20060928d2006 uy 0 101 0 $aeng 135 $aur|n|---||||| 181 $ctxt 182 $cc 183 $acr 200 00$aIII-nitride$b[electronic resource] $esemiconductor materials /$feditor, Zhe Chuan Feng 210 $aLondon $cImperial College Press$dc2006 215 $a1 online resource (440 p.) 300 $aDescription based upon print version of record. 311 $a1-86094-636-4 320 $aIncludes bibliographical references. 327 $aCONTENTS ; Preface ; Chapter 1 Hydride vapor phase epitaxy of group III nitride materials ; 1.Introduction ; 2.Experiment ; 3.Material Properties ; 3.1. Undoped GaN layers ; 3.2. Si-doped GaN layers ; 3.3. Mg-doped GaN layers ; 3.4. Zn-doped GaN layers ; 3.5. AlN layers 327 $a3.6. AlGaN layers 3.7. InN and InGaN layers ; 4.New directions in HVPE development ; 4.1. Large area and multi wafer HVPE growth ; 4.2. Multi-layer structures ; 4.3. P-n junctions ; 4.4. Structures with two dimensional carrier gas ; 4.5. Nano structures and porous materials 327 $a5.Applications of HVPE grown group III nitride materials 5.1. Substrate applications ; 5.1.1. Template substrates ; 5.1.2. Free-standing substrates ; 5.1.3. Bulk substrates ; 5.2. Device Applications ; 6.Conclusions 327 $aChapter 2 Planar MOVPE technology for epitaxy of III-nitride materials 1. History of Reactor Development for III-Nitrides ; 2. Types of Planar Reactors ; 3. Reactor Modeling ; 3.1. Growth Kinetics of Group-III Nitride MOVPE ; 3.2. Modeling of MOVPE processes 327 $a3.3. Horizontal Tube Reactors: Flow Dynamics and Reactor Technology 3.4. Planetary Reactors: Transport Phenomena & Parameter Dependencies ; 4. In-situ Technology in Nitride MOCVD Systems ; 5. The Mass Production of GaN and Related Materials ; 5.1. Optoelectronic Device Structures 327 $a5.2. Growth in the 8x4 inch Configuration 330 $a III-Nitride semiconductor materials - (Al, In, Ga)N - are excellent wide band gap semiconductors very suitable for modern electronic and optoelectronic applications. Remarkable breakthroughs have been achieved recently, and current knowledge and data published have to be modified and upgraded. This book presents the new developments and achievements in the field. Written by renowned experts, the review chapters in this book cover the most important topics and achievements in recent years, discuss progress made by different groups, and suggest future directions. Each chapter also describes th 606 $aSemiconductors$xMaterials 606 $aNitrides 615 0$aSemiconductors$xMaterials. 615 0$aNitrides. 676 $a541.377 676 $a541/.377 676 $a621.38152 701 $aFeng$b Zhe Chuan$01571109 801 0$bMiAaPQ 801 1$bMiAaPQ 801 2$bMiAaPQ 906 $aBOOK 912 $a9910784745703321 996 $aIII-nitride$93845283 997 $aUNINA LEADER 08685nam 22007815 450 001 9910491028703321 005 20260317092649.0 010 $a3-030-78609-9 024 7 $a10.1007/978-3-030-78609-0 035 $a(CKB)4100000011979426 035 $a(MiAaPQ)EBC6676045 035 $a(Au-PeEL)EBL6676045 035 $a(OCoLC)1260347727 035 $a(PPN)257358609 035 $a(DE-He213)978-3-030-78609-0 035 $a(EXLCZ)994100000011979426 100 $a20210611d2021 u| 0 101 0 $aeng 135 $aurcnu|||||||| 181 $ctxt$2rdacontent 182 $cc$2rdamedia 183 $acr$2rdacarrier 200 10$aArtificial Intelligence and Security $e7th International Conference, ICAIS 2021, Dublin, Ireland, July 19?23, 2021, Proceedings, Part I /$fedited by Xingming Sun, Xiaorui Zhang, Zhihua Xia, Elisa Bertino 205 $a1st ed. 2021. 210 1$aCham :$cSpringer International Publishing :$cImprint: Springer,$d2021. 215 $a1 online resource (774 pages) 225 1 $aInformation Systems and Applications, incl. Internet/Web, and HCI,$x2946-1642 ;$v12736 311 08$a3-030-78608-0 327 $aArtificial Intelligence -- Research on Spoofing Jamming of Integrated Navigation System on UAV -- Multi-penalty functions GANs via multi-task learning -- Community Detection Model Based on Graph Representation and Self-supervised Learning -- E?cient Distributed Stochastic Gradient Descent through Gaussian Averaging -- Application Research of Improved Particle Swarm Optimization Algorithm Used on Job Shop Scheduling Problem -- Artificial Intelligence Chronic Disease Management System Based on Medical Resource Perception -- Research on Deep Learning Denoising Method in an Ultra-fast All-optical Solid-state Framing Camera -- LSTM-XGBoost Application of the Model to the Prediction of Stock Price -- Test of integrated urban rail transit vehicle-to-ground communication system based on LTE-U technology -- Research on Efficient Image Inpainting Algorithm Based on Deep Learning -- Subspace Classification of Attention Deficit Hyperactivity Disorder with Laplacian Regularization -- Study the Quantum Transport Process: Machine Learning Simulates Quantum Conditional Master Equation -- Neural Network Study Quantum Synchronization and Quantum Correlation under Non-zero Temperature -- Research on Intelligent Cloud Manufacturing Resource Adaptation Methodology Based on Reinforcement Learning -- Automatic CT Lesion Detection Based On Feature Pyramid Inference with Multi-Scale Response -- A Survey of Chinese Anaphora Resolution -- Efficient 3D Pancreas Segmentation Using Two-stage 3D Convolutional Neural Networks -- Multi-UAV Task Allocation Method Based on Improved Bat Algorithm -- Deep Learning Models for Intelligent Healthcare: Implementation and Challenges -- An Improved YOLOv3 Algorithm Combined with Attention Mechanism for Flame and Smoke Detection -- The Evaluation Method of Safety Classification for Electric Energy Measurement Based on Dynamic Double Fuzzy Reasoning -- Offline Writer Identification Using Convolutional Neural Network and VLAD Descriptors -- A Light-Weight Prediction Model forAero-Engine Surge Based on Seq2Seq -- Simulation Analysis of PLC/WLC Hybrid Communication with traffic model -- A study on the Influence of Economic growth on urban-rural income gap in five northwest Provinces based on unit root and Co-integration test -- Research on Intrusion Detection of Industrial Control System Based on FastICA-SVM Method -- KCFuzz: Directed Fuzzing Based on Keypoint Coverage -- Deep Adversarial Learning Based Heterogeneous Defect Prediction -- Smart grid data anomaly detection method based on cloud computing platform -- A Flexible Planning Approach Using Label Member -- A Survey and Future Perspectives of Hybrid Deep Learning Models for Text Classification -- Non-contact Heart Rate Measurement Based on Fusion Technology -- Research on Cotton Impurity Detection Algorithm Based on Image Segmentation -- Improving Text Matching with Semantic Dependency Graph via Message Passing Neural Network -- Demonstration of Low Power and Low Cost Wireless Sensor Network with Edge Computing.-Analysis on spatial Pattern Evolution of Cultivated land in urban Area based on spatial Autocorrelation Analysis -- A case study of Luoyang City -- Research of Spatial pattern for cultivated land quality in Henan Province based on spatial autocorrelation -- Preamble selection and allocation algorithm based on Q learning -- An Improved Object Detection Algorithm Based on CenterNet -- Survey on Image Object Detection Algorithms based on Deep Learning -- Autocoder Guide Multi-Category Topic Clustering for Keywords Matching -- Adversarial Defense Networks via Gaussian Noise and RBF -- Intelligent Detection and Early Warning System of Railway Track -- Train Driver State Detection System Based on PCA and SVM -- The O?set-Image Recognition Based on Dense Coding -- Self-Supervision adversarial learning network for liver lesion classification -- Mining Consumer Brand Relationship from Social Media Data: A Natural Language Processing Approach -- Weighted Hierarchy Mechanism over BERT for Long Text Classification -- Corrosion Detection in Transformers Based on Hierarchical Annotation -- Fake Calligraphy Recognition Based on Deep Learning -- A Top-k QoS-optimal Service Composition Approach under Dynamic Environment -- Big Data -- Analysis on the Influencing Factors of Mooc Construction based on SPSS Analysis -- A Copyright Protection Scheme of Visual Media in Big Data Environment -- A Fast Sound Ray Tracking Method for Ultra-short Baseline Positioning -- Research on Auxiliary Target Extraction and Recognition Technology in Big Data Environment -- Analysis of Information Dissemination Orientation of New Media Police Microblog Platform -- An Evaluation Method of Population Based on Geographic Raster and Logistic Regression -- Image Compression Algorithm Based on Time Series -- A Resource-saving Multi-layer Fault-tolerant Low Orbit Satellite Network -- Research on business travel problem based on simulated annealing and tabu search algorithms -- Intelligent Security Image Classification on Small Sample Learning -- Intelligent Ecological Environment Control System Design. 330 $aThis two-volume set of LNCS 12736-12737 constitutes the refereed proceedings of the 7th International Conference on Artificial Intelligence and Security, ICAIS 2021, which was held in Dublin, Ireland, in July 2021. The conference was formerly called ?International Conference on Cloud Computing and Security? with the acronym ICCCS. The total of 93 full papers and 29 short papers presented in this two-volume proceedings was carefully reviewed and selected from 1013 submissions. Overall, a total of 224 full and 81 short papers were accepted for ICAIS 2021; the other accepted papers are presented in CCIS 1422-1424. The papers were organized in topical sections as follows: Part I: Artificial intelligence; and big data Part II: Big data; cloud computing and security; encryption and cybersecurity; information hiding; IoT security; and multimedia forensics. 410 0$aInformation Systems and Applications, incl. Internet/Web, and HCI,$x2946-1642 ;$v12736 606 $aApplication software 606 $aArtificial intelligence 606 $aComputer engineering 606 $aComputer networks 606 $aComputer vision 606 $aComputer and Information Systems Applications 606 $aArtificial Intelligence 606 $aComputer Engineering and Networks 606 $aComputer Engineering and Networks 606 $aComputer Vision 606 $aIntelˇligčncia artificial$2thub 606 $aSeguretat informātica$2thub 606 $aComputaciķ en núvol$2thub 608 $aCongressos$2thub 608 $aLlibres electrōnics$2thub 615 0$aApplication software. 615 0$aArtificial intelligence. 615 0$aComputer engineering. 615 0$aComputer networks. 615 0$aComputer vision. 615 14$aComputer and Information Systems Applications. 615 24$aArtificial Intelligence. 615 24$aComputer Engineering and Networks. 615 24$aComputer Engineering and Networks. 615 24$aComputer Vision. 615 7$aIntelˇligčncia artificial 615 7$aSeguretat informātica 615 7$aComputaciķ en núvol 676 $a005.365 702 $aSun$b Xingming 801 0$bMiAaPQ 801 1$bMiAaPQ 801 2$bMiAaPQ 906 $aBOOK 912 $a9910491028703321 996 $aArtificial intelligence and security$91999223 997 $aUNINA